Jamesák odborný, metodický a informačný časopis Slovenského horolezeckého spolku James

Bibliographic Details
New Title:Horolezec
Previous Title:Iamesák
Other Authors: Hargaš, Peter, 1954- (Publishing director)
Format: Journal
Language:Slovak
Czech
PhysicalDescription:19 zv. ilustr. 28 cm
Published: Bratislava Slovenský horolezecký spolok James CK Horizont 1992-2010
Bratislava Slovenský horolezecký spolok James
ISSN:1335-3896
1210-2075
Subjects:
Online Access:http://www.jamesak.sk/

MARC

LEADER 00000cas a2200000 a 4500
001 vtls001469560
003 SK-MaSNL
005 20260228160848.0
008 040226d19922010xo br|p 0 0b0slo
022 |a 1335-3896 
035 |a SNK000424865 
035 |a (SVKBB03)vtls000029856 
040 |a SNK  |b slo  |c SNK  |d SVKBB  |d SAVUK  |e AACR2 
041 0 |a slo  |a cze 
044 |a xo  |c SK 
072 7 |a 796  |x Šport. Hry. Telesné cvičenia  |2 konspekt 
080 |a 796.52  |2 2001 
080 |a 796.524  |2 2001 
080 |a 050  |2 2001 
084 |a Index 49 254  |2 mksr 
210 0 |a Jamesák  |b (Tlačené vyd.) 
222 0 |a Jamesák  |b (Tlačené vydanie) 
245 0 0 |a Jamesák  |b odborný, metodický a informačný časopis Slovenského horolezeckého spolku James 
247 0 1 |a Jamesák  |b odborný, metodický a informačný spravodaj Slovenského horolezeckého spolku James  |f 1968-1996 
260 |a Bratislava  |b Slovenský horolezecký spolok James  |b CK Horizont  |c 1992-2010 
260 3 |3 1996-2010  |a Bratislava  |b Slovenský horolezecký spolok James 
300 |a 19 zv.  |b ilustr.  |c 28 cm 
310 |a 6x ročne  |b 1996-2010 
321 |a 4x ročne  |b 1968-1995 
362 0 |a Roč. 24 (1992)-roč. 42, č. 1 (2010) 
500 |a Čiast. text aj čes. 
500 |a Vedúci red.: 2000- , Peter Hargaš 
500 |a Obsahuje prílohu: Hory 
650 0 7 |a horolezectvo  |2 SNKPH  |9 1050 
650 0 7 |a vysokohorská turistika  |2 SNKPH  |9 3260 
650 0 7 |a skialpinizmus  |2 SNKPH  |9 24168 
655 7 |a odborné časopisy  |2 SNKPH  |9 70505 
700 1 |a Hargaš, Peter,  |d 1954-  |4 pbd  |9 249221 
710 2 |a Slovenský horolezecký spolok JAMES  |4 pbl  |9 160210 
780 0 0 |t Iamesák  |x 1210-2075  |w vtls001307907 
785 0 0 |t Horolezec  |w vtls010087700 
852 |a Štátna vedecká knižnica v Banskej Bystrici 
856 4 1 |u http://www.jamesak.sk/ 
910 |a savuk 
910 |a snk 
916 |a 1992-2010 
999 |c 3790  |d 5720 
952 |0 0  |1 0  |4 0  |7 0  |8 0  |a SNK  |b SNK  |d 2005-11-30  |f 1  |i snk2005/20436  |l 0  |o snkČSC 2035/32/2000  |p 17A0446697  |r 2026-02-21 19:30:26  |t č. 1-6  |w 2026-02-21  |y PREZ 
952 |0 0  |1 0  |4 0  |7 0  |8 0  |a SNK  |b SNK  |d 2005-11-30  |i snk2005/20437  |l 0  |o snkČSC 2035/32/2000 D1  |p 17A0446698  |r 2026-02-21 19:30:26  |t č. 1-6  |w 2026-02-21  |y PREZ 
952 |0 0  |1 0  |4 0  |7 0  |8 0  |a SNK  |b SNK  |d 2005-11-30  |f 1  |i snk2005/20439  |l 0  |o snkČSC 2035/33/2001  |p 17A0446699  |r 2026-02-21 19:30:26  |t č. 1-6  |w 2026-02-21  |y PREZ 
952 |0 0  |1 0  |4 0  |7 0  |8 0  |a SNK  |b SNK  |d 2005-11-30  |i snk2005/20440  |l 0  |o snkČSC 2035/33/2001 D1  |p 17A0446700  |r 2026-02-21 19:30:26  |t č. 1-6  |w 2026-02-21  |y PREZ 
952 |0 0  |1 0  |4 0  |7 0  |8 0  |a SNK  |b SNK  |d 2005-11-30  |i snk2005/20451  |l 0  |o snkČSC 2035/34/2002 D1  |p 17A0446702  |r 2026-02-21 19:30:28  |t č. 1-6  |w 2026-02-21  |y PREZ 
952 |0 0  |1 0  |4 0  |7 0  |8 0  |a SNK  |b SNK  |d 2005-11-30  |f 1  |i snk2005/20454  |l 0  |o snkČSC 2035/34/2002  |p 17A0446701  |r 2026-02-21 19:30:28  |t č. 1-6  |w 2026-02-21  |y PREZ 
952 |0 0  |1 0  |4 0  |7 0  |8 0  |a SNK  |b SNK  |d 2005-11-30  |i snk2005/20455  |l 0  |o snkČSC 2035/35/2003 D1  |p 17A0446704  |r 2026-02-21 19:30:28  |t č. 1-6  |w 2026-02-21  |y PREZ 
952 |0 0  |1 0  |4 0  |7 0  |8 0  |a SNK  |b SNK  |d 2005-11-30  |f 1  |i snk2005/20457  |l 0  |o snkČSC 2035/35/2003  |p 17A0446703  |r 2026-02-21 19:30:28  |t č. 1-6  |w 2026-02-21  |y PREZ 
952 |0 0  |1 0  |4 0  |7 0  |8 0  |a SNK  |b SNK  |d 2014-06-18  |f 1  |i snk2014/14036  |l 0  |o snkČSC 2035/39/2007  |p 17A1088371  |r 2026-02-21 19:54:04  |t č. 1-6  |w 2026-02-21  |y PREZ 
952 |0 0  |1 0  |4 0  |7 0  |a SNK  |b SNK  |d 2001-11-03  |l 0  |o snkČSC 2035/31/1999 D1  |p 17A0319528  |r 2005-01-02 00:00:00  |w 2026-02-21  |y PREZ 
952 |0 0  |1 0  |4 0  |7 0  |a SNK  |b SNK  |d 2002-05-06  |f 1  |i snkČSP 1441/2000  |l 0  |o snkČSC 2035/31/1999  |p 17A0341751  |r 2005-01-02 00:00:00  |t č. 1-6  |w 2026-02-21  |y PREZ 
952 |0 0  |1 0  |4 0  |7 0  |8 0  |a SNK  |b SNK  |d 2014-06-18  |f 1  |i snk2014/14004  |l 0  |o snkČSC 2035/36/2004  |p 17A1088365  |r 2026-02-21 21:24:48  |t č. 1-6  |w 2026-02-21  |y PREZ 
952 |0 0  |1 0  |4 0  |7 0  |8 0  |a SNK  |b SNK  |d 2014-06-18  |i snk2014/14007  |l 0  |o snkČSC 2035/36/2004 D1  |p 17A1088366  |r 2026-02-21 21:24:48  |t č. 1-6  |w 2026-02-21  |y PREZ 
952 |0 0  |1 0  |4 0  |7 0  |8 0  |a SNK  |b SNK  |d 2014-06-18  |f 1  |i snk2014/14014  |l 0  |o snkČSC 2035/37/2005  |p 17A1088367  |r 2026-02-21 21:24:48  |t č. 1-6  |w 2026-02-21  |y PREZ 
952 |0 0  |1 0  |4 0  |7 0  |8 0  |a SNK  |b SNK  |d 2014-06-18  |i snk2014/14015  |l 0  |o snkČSC 2035/37/2005 D1  |p 17A1088368  |r 2026-02-21 21:24:48  |t č. 1-6  |w 2026-02-21  |y PREZ 
952 |0 0  |1 0  |4 0  |7 0  |8 0  |a SNK  |b SNK  |d 2014-06-18  |f 1  |i snk2014/14017  |l 0  |o snkČSC 2035/38/2006  |p 17A1088369  |r 2026-02-21 21:24:48  |t č. 1-6  |w 2026-02-21  |y PREZ 
952 |0 0  |1 0  |4 0  |7 0  |8 0  |a SNK  |b SNK  |d 2014-06-18  |i snk2014/14020  |l 0  |o snkČSC 2035/38/2006 D1  |p 17A1088370  |r 2026-02-21 21:24:48  |t č. 1-6  |w 2026-02-21  |y PREZ 
952 |0 0  |1 0  |4 0  |7 0  |8 0  |a SNK  |b SNK  |d 2014-06-18  |i snk2014/14042  |l 0  |o snkČSC 2035/39/2007 D1  |p 17A1088372  |r 2026-02-21 21:24:48  |t č. 1-6  |w 2026-02-21  |y PREZ 
952 |0 0  |1 0  |4 0  |7 0  |8 0  |a SNK  |b SNK  |d 2014-06-18  |f 1  |i snk2014/14045  |l 0  |o snkČSC 2035/40/2008  |p 17A1088373  |r 2026-02-21 21:24:48  |t č. 1-6  |w 2026-02-21  |y PREZ 
952 |0 0  |1 0  |4 0  |7 0  |8 0  |a SNK  |b SNK  |d 2014-06-18  |i snk2014/14047  |l 0  |o snkČSC 2035/40/2008 D1  |p 17A1088374  |r 2026-02-21 21:24:48  |t č. 1-6  |w 2026-02-21  |y PREZ 
952 |0 0  |1 0  |4 0  |7 0  |8 0  |a SNK  |b SNK  |d 2014-06-18  |f 1  |i snk2014/14048  |l 0  |o snkČSC 2035/41/2009  |p 17A1088375  |r 2026-02-21 21:24:48  |t č. 1-6  |w 2026-02-21  |y PREZ 
952 |0 0  |1 0  |4 0  |7 0  |8 0  |a SNK  |b SNK  |d 2014-06-18  |i snk2014/14049  |l 0  |o snkČSC 2035/41/2009 D1  |p 17A1088376  |r 2026-02-21 21:24:48  |t č. 1-6  |w 2026-02-21  |y PREZ 
952 |0 0  |1 0  |4 0  |7 0  |8 0  |a SNK  |b SNK  |d 2014-06-18  |f 1  |i snk2017/16631  |l 0  |o snkČSC 2035/42/2010  |p 17A1263237  |r 2026-02-21 21:24:48  |t č. 1  |w 2026-02-21  |y PREZ 
952 |0 0  |1 0  |4 0  |7 0  |8 0  |a SNK  |b SNK  |d 2014-06-18  |i snk2017/16633  |l 0  |o snkČSC 2035/42/2010 D1  |p 17A1088378  |r 2026-02-21 21:24:48  |t č. 1  |w 2026-02-21  |y PREZ 
952 |0 0  |1 0  |4 0  |7 0  |a SNK  |b SNK  |d 2014-06-24  |f 1  |i snkČSP 3458/1993  |l 0  |o snkČSC 2035/24/1992   |p 17A1014714  |r 2026-02-21 21:24:59  |t č. 1-4  |w 2026-02-21  |y PREZ 
952 |0 0  |1 0  |4 0  |7 0  |a SNK  |b SNK  |d 2014-06-24  |f 1  |i snkČSP 139/1996  |l 0  |o snkČSC 2035/25/1993   |p 17A1014751  |r 2026-02-21 21:24:59  |t č. 1-4  |w 2026-02-21  |y PREZ 
952 |0 0  |1 0  |4 0  |7 0  |a SNK  |b SNK  |d 2014-06-24  |f 1  |i snkČSP 1443/2000  |l 0  |o snkČSC 2035/27/1995  |p 17A1014715  |r 2026-02-21 21:24:59  |t č. 1-4  |w 2026-02-21  |y PREZ 
952 |0 0  |1 0  |4 0  |7 0  |a SNK  |b SNK  |d 2014-06-24  |f 1  |i snkČSP 1445/2000  |l 0  |o snkČSC 2035/28/1996  |p 17A1014716  |r 2026-02-21 21:24:59  |t č. 5-6  |w 2026-02-21  |y PREZ 
952 |0 0  |1 0  |4 0  |7 0  |a SNK  |b SNK  |d 2014-06-24  |f 1  |i snkČSP 2335/2000  |l 0  |o snkČSC 2035/29/1997  |p 17A1014717  |r 2026-02-21 21:25:00  |t č. 1-6  |w 2026-02-21  |y PREZ 
952 |0 0  |1 0  |4 0  |7 0  |a SNK  |b SNK  |d 2014-06-24  |f 1  |i snkČSP 1447/2000  |l 0  |o snkČSC 2035/30/1998  |p 17A1014718  |r 2026-02-21 21:25:00  |t č. 1-6  |w 2026-02-21  |y PREZ 
952 |0 0  |1 0  |4 0  |7 0  |a SNK  |b SNK  |d 1999-06-14  |l 0  |o snkČSC 2035/24/1992 D1  |p 17A0196201  |r 2005-01-02 00:00:00  |w 2026-02-21  |y PREZ 
952 |0 0  |1 0  |4 0  |7 0  |a SNK  |b SNK  |d 1999-06-14  |l 0  |o snkČSC 2035/25/1993 D1  |p 17A0196005  |r 2005-01-02 00:00:00  |w 2026-02-21  |y PREZ 
952 |0 0  |1 0  |4 0  |7 0  |8 0  |a SNK  |b SNK  |d 2016-06-01  |f 1  |i snk2016/14124  |l 0  |o snkČSC 2035/28/1996  |p 17A1100022  |r 2026-02-21 22:23:56  |t č. 1-4  |w 2026-02-21  |y PREZ 
952 |0 0  |1 0  |4 0  |7 0  |8 0  |a SNK  |b SNK  |d 2016-06-01  |f 1  |i snk2016/14128  |l 0  |o snkČSC 2035/26/1994  |p 17A1100023  |r 2026-02-21 22:23:56  |t č. 1-4  |w 2026-02-21  |y PREZ 
952 |0 0  |1 0  |4 0  |7 0  |8 0  |a SNK  |b SNK  |d 2016-06-01  |i snk2016/14132  |l 0  |o snkČSC 2035/26/1994 D1  |p 17A1100024  |r 2026-02-21 22:23:57  |t č. 1-4, neúplné  |w 2026-02-21  |y PREZ  |z Chýba č. 1 
952 |0 0  |1 0  |4 0  |7 0  |8 0  |a SNK  |b SNK  |d 2016-06-01  |i snk2016/14138  |l 0  |o snkČSC 2035/30/1998 D1  |p 17A1100025  |r 2026-02-21 22:23:57  |t č. 1-6, neúplné  |w 2026-02-21  |y PREZ  |z Chýba č. 2-5